An implementation guide to compiler writing

Αποθηκεύτηκε σε:
Λεπτομέρειες βιβλιογραφικής εγγραφής
Κύριος συγγραφέας: Tremblay, Jean-Paul 1938-
Άλλοι συγγραφείς: Sorenson, P. G.
Μορφή: Βιβλίο
Γλώσσα:English
Δημοσίευση: New York, St. Louis : McGraw-Hill, 1982
Θέματα:
Ετικέτες: Προσθήκη ετικέτας
Δεν υπάρχουν, Καταχωρήστε ετικέτα πρώτοι!

MARC

LEADER 00000nam a2200000 i 4500
001 1/60111
008 951120s1982 eng d
020 |a 0-07-065166-3 
035 |l 10028659 
040 |a GR-MY-UA  |b gre  |e aacr 
041 0 |a eng 
082 0 |a 001.6425 
100 1 |a Tremblay, Jean-Paul  |d 1938- 
245 1 3 |a An implementation guide to compiler writing /  |c Jean-Paul Tremblay, Paul G. Sorenson 
260 |a New York, St. Louis :   |b McGraw-Hill,   |c 1982 
300 |a 256 p. 
500 |a Includes bibligraphical references and index 
650 0 0 |a Compiling (Electronic Computers) 
700 1 |a Sorenson, P. G. 
852 |a INST  |b CHIOS  |e 19951120  |h 001.6425 TRE  |p 005200002483  |q 005200002483  |t BK  |y 0 
909 |a Χ  |b 005500